| 000 | 00656nam a2200193 i 4500 | ||
|---|---|---|---|
| 001 | 19656 | ||
| 003 | ES-MaACL | ||
| 005 | 20230906152136.0 | ||
| 007 | t| | ||
| 008 | 021007s1947 sp ||||1| spa d | ||
| 100 | 0 |
_aAbelló, José _918076 |
|
| 245 | 1 | 0 |
_aEstudios sobre el pulmón colapsado / _caportaciones clínicas... por José Abelló Pascual. |
| 260 |
_aMadrid : _b[s.n.], _c1947 ( _fImp. Sèz) |
||
| 300 |
_a506 p., 12 lám. : _bil. ; _c26 cm. |
||
| 500 | _aEs publicación del Patronato Nacional Antituberculoso. | ||
| 710 | 2 |
_aPatronato Nacional Antituberculoso (Madrid) _96190 |
|
| 852 |
_aES-MaACL _jD-6791 _bR.28999 |
||
| 999 |
_c19656 _d19656 |
||